The suicide squad 2021 / directed by James Gunn ; written by James Gunn ; produced by Charles Roven, Peter Safran. (Record no. 20952)

000 -LEADER
fixed length control field 01297nam a22002657a 4500
008 - FIXED-LENGTH DATA ELEMENTS--GENERAL INFORMATION
fixed length control field 250528b xxu||||| |||| 00| 0 eng d
040 ## - CATALOGING SOURCE
Original cataloging agency Cagayan State University
Description conventions RDA
082 ## - DEWEY DECIMAL CLASSIFICATION NUMBER
Classification number 791.4372
Item number T3406 2021
245 ## - TITLE STATEMENT
Title The suicide squad 2021 / directed by James Gunn ; written by James Gunn ; produced by Charles Roven, Peter Safran.
260 ## - PUBLICATION, DISTRIBUTION, ETC. (IMPRINT)
Place of publication, distribution, etc United States :
Name of publisher, distributor, etc DC Films ;
-- Atlas Entertainment ;
-- The Safran Company ;
-- Warner Bros. Pictures,
Date of publication, distribution, etc 2021
300 ## - PHYSICAL DESCRIPTION
Extent 1 videofile, (ca. 132 mins.)
Other physical details sound, color.
520 ## - SUMMARY, ETC.
Summary, etc The government sends the most dangerous supervillains in the world -- Bloodsport, Peacemaker, King Shark, Harley Quinn and others -- to the remote, enemy-infused island of Corto Maltese. Armed with high-tech weapons, they trek through the dangerous jungle on a search-and-destroy mission, with only Col. Rick Flag on the ground to make them behave.
650 ## - SUBJECT ADDED ENTRY--TOPICAL TERM
Topical term or geographic name as entry element Action.
650 ## - SUBJECT ADDED ENTRY--TOPICAL TERM
Topical term or geographic name as entry element Superhero.
700 ## - ADDED ENTRY--PERSONAL NAME
Personal name Robbie, Margot, star.
700 ## - ADDED ENTRY--PERSONAL NAME
Personal name Elba, Idris, star.
700 ## - ADDED ENTRY--PERSONAL NAME
Personal name Cena, John, star.
700 ## - ADDED ENTRY--PERSONAL NAME
Personal name Kinnaman, Joel, star.
700 ## - ADDED ENTRY--PERSONAL NAME
Personal name Stallone, Sylvester, star.
700 ## - ADDED ENTRY--PERSONAL NAME
Personal name David, Viola, star.
700 ## - ADDED ENTRY--PERSONAL NAME
Personal name Braham, Henry, cinematographer.
700 ## - ADDED ENTRY--PERSONAL NAME
Personal name Raskin, Fres, editor.
700 ## - ADDED ENTRY--PERSONAL NAME
Personal name Wagner, Christian, editor.
942 ## - ADDED ENTRY ELEMENTS (KOHA)
Source of classification or shelving scheme
Item type Audio-Visual Materials
Holdings
Source of acquisition Price effective from Permanent location Date last seen Not for loan Date acquired Source of classification or shelving scheme Koha item type Collection code Shelving location Damaged status Lost status Withdrawn status Current location Full call number
Donation2025-05-28Cagayan State University - Carig Library2025-05-28 2025-05-28 Audio-Visual MaterialsElectronic Media CenterElectronic Media Center   Cagayan State University - Carig Library791.4372 T3406 2021

Cagayan State University University Library, Carig Campus
Tuguegarao City, Cagayan 3500 | www.csucarig.edu.ph

Powered by Koha